| 000 | 00725nam a2200181 a 4500 | ||
|---|---|---|---|
| 008 | 120416s0000 ||||||||||||||||| || u | ||
| 020 | _a0070102295 | ||
| 050 | _aHT 166 Urb | ||
| 100 | _aSnyder, James C | ||
| 245 | 1 | 0 |
_aUrban planning _cedited by Anthony J. Catanese |
| 250 | _a2nd ed. | ||
| 260 |
_aNew York _bMcGraw-Hill _c1988 |
||
| 300 | _axiii, 386p. : ill. | ||
| 350 | _a0.00 | ||
| 700 | _aCatanese, Anthony J | ||
| 995 |
_aMAIN LIBRARY OPEN ACCESS _D0.00 _e721637 _FCBU-MAIN LIBRARY (Kitwe) _H1 _I39.95 _jHT 166 Urb _M1 _UOUT _y008335 _ZMain Library Open Access Collection |
||
| 995 |
_aBINDERY (DAMAGED) _D0.00 _e721638 _FCBU-MAIN LIBRARY (Kitwe) _H2 _I39.95 _jHT 166 Urb _M2 _UDAMAGED _y008336 _ZMain Library Open Access Collection |
||
| 999 |
_c78573 _d78573 |
||